00962cas a22002777a 450000500170000000800410001701000100005801100100006802200140007803500100009224500960010226001010019830000070029931000180030636200190032465000460034386600330038986600340042286600340045686600340049086600340052486600340055886600340059286600220062686600360064820231010062646.0000524c1973 cu qr pernn 0 b1spa d a81290 a82262 a0253-5785 a9275100aCentro Agrícolac/por Universidad Central de las Villas. Facultad de Ciencias Agrícolas0 aSanta Clara, Cuba :bUniversidad Central de las Villas. Facultad de Ciencias Agrícolas,c1973- av. aCuatrimestral av.23 n.1, 199717aAgriculturaxPublicaciones periódicas2 av.1 n.1-v.13 n.4 (1973-1986) av.14 n.3-v.15 n.4 (1987-1988) av.16 n.3-v.17 n.1 (1989-1990) av.18 n.1-v.20 n.1 (1991-1993) av.21 n.1-v.22 n.2 (1994-1995) av.23 n.1-v.24 n.1 (1996-1997) av.27 n.1-v.28 n.4 (2000-2001) av.29 n.3-4 (2002) av.33 n.1-v.34 n.4 - (2009-2010)